LEADER 01323nam--2200421---450- 001 990001445340203316 005 20090619111328.0 010 $a0-631-20807-0 035 $a000144534 035 $aUSA01000144534 035 $a(ALEPH)000144534USA01 035 $a000144534 100 $a20040223d2001----km-y0itay0103----ba 101 $aeng 102 $aUS 105 $a||||||||001yy 200 1 $a<> feminist companion to Shakespeare$fedited by Dympna Callaghan 210 $aMalden [etc.]$cBlackwell$d2001 215 $aXXIV, 384 p.$d25 cm 225 2 $aBlackwell companions to literature and culture$v5 410 0$12001$aBlackwell companions to literature and culture 454 1$12001 461 1$1001-------$12001 600 0 $aShakespeare,$bWilliam$xPersonaggi femminili 606 $aFemminismo e letteratura$xStoria$yInghilterra$zSec. 17 676 $a822.33 702 1$aCALLAGHAN,$bDympna 801 0$aIT$bsalbc$gISBD 912 $a990001445340203316 951 $aII.2.B.322$b6491 DSLL 959 $aBK 969 $aDSLL 979 $aPATRY$b90$c20040223$lUSA01$h1049 979 $aPATRY$b90$c20040406$lUSA01$h1741 979 $aDSLL$b90$c20090619$lUSA01$h0935 979 $aDSLL$b90$c20090619$lUSA01$h1113 996 $aFeminist companion to Shakespeare$9935602 997 $aUNISA LEADER 01172nam--2200373---450- 001 990005954590203316 005 20140625093248.0 010 $a978-88-6655-421-9 035 $a000595459 035 $aUSA01000595459 035 $a(ALEPH)000595459USA01 035 $a000595459 100 $a20140625d2013----km-y0itay50------ba 101 $aita 102 $aIT 105 $a||||||||001yy 200 1 $aLuoghi per lavorare, pregare, morire$eedifici maestranze edili negli interessi delle elites micenee$fBarbara Montecchi 210 $aFirenze$cFirenze University$d2013 215 $aXXIV, 295 p.$d25 cm 225 2 $aStrumenti per la didattica e le ricerca$v153 410 0$12001 454 1$12001 606 0 $aArchitettura micenea$zSec. 14.-13. a.C.$2BNCF 676 $a722.61 700 1$aMONTECCHI,$bBarbara$0619010 801 0$aIT$bsalbc$gISBD 912 $a990005954590203316 951 $aXI.4.B. 223$b245634 L.M.$cXI.4.B.$d355768 959 $aBK 969 $aUMA 979 $aALESSANDRA$b90$c20140625$lUSA01$h0928 979 $aALESSANDRA$b90$c20140625$lUSA01$h0932 996 $aLuoghi per lavorare, pregare, morire$91070105 997 $aUNISA LEADER 01956nam 2200385Ia 450 001 996388121203316 005 20200824131947.0 035 $a(CKB)4940000000084367 035 $a(EEBO)2264185355 035 $a(OCoLC)ocm23209514e 035 $a(OCoLC)23209514 035 $a(EXLCZ)994940000000084367 100 $a19910308d1594 uy | 101 0 $aeng 135 $aurbn||||a|bb| 200 14$aThe arrainment of the whole society of Iesuits in France, holden in the honourable court of Parliament in Paris, the 12. and 13. of Iuly. 1594$b[electronic resource] $ewherein is laied open to the world, that, howsoeuer this new sect pretendeth matter of religion, yet their whole trauailes, endeuours, and bent, is but to set vp the kingdome of Spaine, and to make him the onely monarch of all the west /$ftranslated, out of the French copie imprinted at Paris by the Kings printer 210 $aAt London $cPrinted by Charles Yetsweirt Esq.$d1594 215 $a32 [i.e. 63] p 300 $aTranslation of: Plaidoye? de M. Antoine Arnauld ... pour l'Universite? de Paris, demanderesse, contre les iesuites defendeurs.--Cf. NUC pre-1956 imprints. 300 $aAttributed to Arnauld by STC (2nd ed.) and NUC pre-1956 imprints. 300 $a"Cum privilegio." 300 $aSignatures: A-H?. 300 $aPages numbered consecutively on recto only. 300 $aReproductions of originals in the Bodleian Library and University of Illinois (Urbana-Champaign Campus). Library. 330 $aeebo-0167 607 $aFrance$xHistory$yHenry IV, 1589-1610 700 $aArnauld$b Antoine$f1560-1619.$0623779 712 02$aUniversite? de Paris. 801 0$bEBL 801 1$bEBL 801 2$bWaOLN 906 $aBOOK 912 $a996388121203316 996 $aThe arrainment of the whole society of Iesuits in France, holden in the honourable court of Parliament in Paris, the 12. and 13. of Iuly. 1594$92342516 997 $aUNISA